000 00364 a2200169 4500
001 45365
020 _a8532259081
040 _cAnchieta - Aquarius
100 _aMachado, Ana Maria
240 1 0 _aSó um minutinho
_lpor
245 1 0 _aSó um minutinho
300 _a31
362 0 _a2006
440 1 _aFTD
650 4 _aLiteratura infanto-juvenil
942 _cBK
999 _c45365
_d45365